| 000 -ლიდერი |
| ფიქსირებული სიგრძის საკონტროლო ველი |
01429nam a2200301Ia 4500 |
| 001 - საკონტროლო ნომერი |
| საკონტროლო ველი |
11797 |
| 003 - საკონტროლო ნომრის იდენტიფიკატორი |
| საკონტროლო ველი |
GE_BSU |
| 005 - ბოლო ოპერაციის თარიღი და დრო |
| საკონტროლო ველი |
20240625112311.0 |
| 008 - ფიქსირებული სიგრძის მონაცემთა ელემენტები - ზოგადი ინფორმაცია |
| ფიქსირებული სიგრძის საკონტროლო ველი |
181216s2014||||ge |||||||||||||| ||geo|| |
| 020 ## - წიგნის საერთაშორისო სტანდარტული ნომერი |
| International Standard Book Number |
978994192835 |
| 040 ## - კატალოგიზაციის წყარო |
| Transcribing agency |
GE_BSU |
| 041 ## - ენის კოდი |
| Language code of text/sound track or separate title |
geo |
| 080 ## - უნივერსალური ათობითი კლასიფიკაციის ინდექსი |
| Universal Decimal Classification number |
1(44)(092რუსო) რ–94 |
| 100 ## - მთავარი ჩანაწერი - პიროვნების სახელი |
| Personal name |
რუსო, ჟან ჟაკ |
| 9 (RLIN) |
22573 |
| 245 ## - ცნობა სათაურის შესახებ |
| Title |
მსჯელობა მეცნიერებისა და ხელოვნების შესახებ / |
| Statement of responsibility, etc |
ჟან ჟაკ ; ფრანგ. თარგმნ. დოდო ლაბუჩიძე–ხოფერიამ. |
| 250 ## - გამოცემის ცნობა |
| Edition statement |
I-ლი ქართული გამოცემა |
| 264 ## - წარმოების, გამოცემის, დისტრიბუციის და სხვა ცნობები |
| გამოცემის, წარმოების, დისტრიბუციის... ადგილი |
თბილისი : |
| გამოცემის, წარმოების, დისტრიბუციის... სახელწოდება |
აგორა, |
| გამოცემის, წარმოების, დისტრიბუციის... თარიღი |
2014. |
| 300 ## - ფიზიკური აღწერა |
| Extent |
154 გვ. ; |
| Dimensions |
17 სმ. |
| 500 ## - ზოგადი შენიშვნა |
| General note |
ქრონოლოგია : გვ. 131-152 |
| 504 ## - BIBLIOGRAPHY, ETC. NOTE |
| Bibliography, etc |
ბიბლიოგრ. : გვ. 153-155 |
| 653 ## - INDEX TERM--UNCONTROLLED |
| Uncontrolled term |
მსჯელობა მეცნიერებისა და ხელოვნების შესახებ |
| 653 ## - INDEX TERM--UNCONTROLLED |
| Uncontrolled term |
ფრანგი ფილოსოფოსები |
| 653 ## - INDEX TERM--UNCONTROLLED |
| Uncontrolled term |
რუსო, ჟან-ჟაკ |
| 653 ## - INDEX TERM--UNCONTROLLED |
| Uncontrolled term |
მეცნიერება |
| 653 ## - INDEX TERM--UNCONTROLLED |
| Uncontrolled term |
არქიტექტურა |
| 700 ## - ADDED ENTRY--PERSONAL NAME |
| Personal name |
ლაბუჩიძე-ხოფერია, დ. (დოდო), |
| Relator term |
მთარგმნელი |
| 9 (RLIN) |
22574 |
| 942 ## - ADDED ENTRY ELEMENTS (KOHA) |
| Koha item type |
წიგნი |
| Source of classification or shelving scheme |
|